000 00666nam a2200193 i 4500
001 57832
003 ES-MaACL
007 t|
008 031020s1983 xxu ||||1| eng d
100 1 _aDreyfus, Hubert L.
_945621
245 1 0 _aMichel Foucault
_b: beyond structuralism and hermeneutics /
_cHubert L. Dreyfus and Paul Rabinow ; with an afterword by and an interview with Michel Foucault.
250 _a2nd ed.
260 _aChicago :
_bUniversity Press,
_c[1983]
300 _aXXVII, 271 p. ;
_c23 cm.
700 1 _aRabinow, Paul.
_994868
700 1 _aFoucault, Michel,
_d1926-1984
_9241486
852 _aES-MaACL
_jL-8008
_bR.108476
999 _c57832
_d57832